<?xml version="1.0" encoding="UTF-8"?><?xml-stylesheet type="text/xsl" href="static/style.xsl"?><OAI-PMH xmlns="http://www.openarchives.org/OAI/2.0/" xmlns:xsi="http://www.w3.org/2001/XMLSchema-instance" xsi:schemaLocation="http://www.openarchives.org/OAI/2.0/ http://www.openarchives.org/OAI/2.0/OAI-PMH.xsd"><responseDate>2026-04-17T07:39:18Z</responseDate><request verb="GetRecord" identifier="oai:www.recercat.cat:20.500.12694/7455" metadataPrefix="marc">https://recercat.cat/oai/request</request><GetRecord><record><header><identifier>oai:recercat.cat:20.500.12694/7455</identifier><datestamp>2026-01-01T05:31:31Z</datestamp><setSpec>com_2072_179042</setSpec><setSpec>col_2072_484474</setSpec></header><metadata><record xmlns="http://www.loc.gov/MARC21/slim" xmlns:dcterms="http://purl.org/dc/terms/" xmlns:xsi="http://www.w3.org/2001/XMLSchema-instance" xmlns:doc="http://www.lyncode.com/xoai" xsi:schemaLocation="http://www.loc.gov/MARC21/slim http://www.loc.gov/standards/marcxml/schema/MARC21slim.xsd">
   <leader>00925njm 22002777a 4500</leader>
   <datafield ind2=" " ind1=" " tag="042">
      <subfield code="a">dc</subfield>
   </datafield>
   <datafield ind2=" " ind1=" " tag="720">
      <subfield code="a">Agustiño Batet, Shelly</subfield>
      <subfield code="e">author</subfield>
   </datafield>
   <datafield ind2=" " ind1=" " tag="260">
      <subfield code="c">2020-06</subfield>
   </datafield>
   <datafield ind2=" " ind1=" " tag="520">
      <subfield code="a">Treball on, a partir de l’estudi i la descripció de l’anatomia i la fisiologia de l’aparell fonador, es focalitza en com les emocions es poden constituir en interferències físiques experimentades i com poden alterar l’ús de la veu, amb independència del domini tècnic assolit. Amb el descobriment i treball corporal com a eix, es viatja per diferents dimensions de la veu amb l’objectiu principal de comprendre-la i de valorar com aquest treball pot ser un procés de transformació a tots els nivells i com la consciència d’aquest canvi individual incideix en l’estil docent i les opcions metodològiques en la didàctica de la veu.</subfield>
   </datafield>
   <datafield ind2=" " ind1=" " tag="520">
      <subfield code="a">Trabajo que parte del estudio y la descripción de la anatomía y la fisiología del aparato fonador para focalizar en cómo las emociones pueden constituir interferencias físicas experimentadas y cómo pueden alterar el uso de la voz, independientemente del dominio técnico adquirido. Con el descubrimiento y trabajo corporal como eje, se viaja por diferentes dimensiones de la voz con el objetivo principal de comprenderla y de valorar cómo este trabajo puede ser un proceso&#xd;
de transformación a todos los niveles y cómo la conciencia de este cambio individual incide en el estilo docente y las opciones metodológicas en la didáctica de la voz.</subfield>
   </datafield>
   <datafield ind2=" " ind1=" " tag="520">
      <subfield code="a">The project begins with research into, as well as the description of, the anatomy and physiology of the vocal tract, the aim of which is to focus on how emotions can cause physical changes and disrupt the use of the voice, regardless of the level of mastery in vocal technique. With the research and consequent discoveries in the physical body as an axis, the work progresses through different dimensions of the voice. I aim to not only understand the voice, but also to appreciate how this project can be transformative for all levels of ability. Furthermore, knowledge of how these transformations can affect different individuals will provide key guidance for my teaching style and methodology in vocal instruction.</subfield>
   </datafield>
   <datafield ind1="8" ind2=" " tag="024">
      <subfield code="a">http://hdl.handle.net/20.500.12694/7455</subfield>
   </datafield>
   <datafield tag="653" ind2=" " ind1=" ">
      <subfield code="a">TFG Pedagogia</subfield>
   </datafield>
   <datafield tag="653" ind2=" " ind1=" ">
      <subfield code="a">Veu--Fisiologia</subfield>
   </datafield>
   <datafield tag="653" ind2=" " ind1=" ">
      <subfield code="a">Veu--Aspectes psicològics</subfield>
   </datafield>
   <datafield tag="653" ind2=" " ind1=" ">
      <subfield code="a">Didàctica--Veu</subfield>
   </datafield>
   <datafield tag="653" ind2=" " ind1=" ">
      <subfield code="a">Emocions en la música</subfield>
   </datafield>
   <datafield tag="653" ind2=" " ind1=" ">
      <subfield code="a">Cant--Tècnica</subfield>
   </datafield>
   <datafield ind2="0" ind1="0" tag="245">
      <subfield code="a">Cos i veu</subfield>
   </datafield>
</record></metadata></record></GetRecord></OAI-PMH>